<?xml version="1.0" encoding="UTF-8"?><collection xmlns="info:lc/xmlns/marcxchange-v2"><record format="Unimarc" type="bibliographic"><leader>00591cam  2200205   450 </leader><controlfield tag="001">2313972</controlfield><controlfield tag="003">http://id.bnportugal.gov.pt/bib/porbase/2313972</controlfield><controlfield tag="005">20021104152600.0</controlfield><datafield ind1=" " ind2=" " tag="010"><subfield code="a">0-552-99805-2</subfield></datafield><datafield ind1=" " ind2=" " tag="035"><subfield code="a">UCJPII_202.iso/13-12-2010/738</subfield></datafield><datafield ind1=" " ind2=" " tag="035"><subfield code="a">190746</subfield></datafield><datafield ind1=" " ind2=" " tag="100"><subfield code="a">20021104d1998    km y0pory0103    ba</subfield></datafield><datafield ind1="0" ind2=" " tag="101"><subfield code="a">eng</subfield></datafield><datafield ind1=" " ind2=" " tag="102"><subfield code="a">GB</subfield></datafield><datafield ind1="1" ind2=" " tag="200"><subfield code="a">Made in America</subfield><subfield code="f">Bill Bryson</subfield><subfield code="g">illust. by Bruce McCall</subfield></datafield><datafield ind1=" " ind2=" " tag="210"><subfield code="a">London</subfield><subfield code="c">Black Swan</subfield><subfield code="d">1998</subfield></datafield><datafield ind1=" " ind2=" " tag="215"><subfield code="a">XVI, 480 p.</subfield><subfield code="c">il.</subfield><subfield code="d">20 cm</subfield></datafield><datafield ind1=" " ind2=" " tag="675"><subfield code="a">308(73)</subfield><subfield code="v">2med</subfield><subfield code="z">fre</subfield></datafield><datafield ind1=" " ind2="1" tag="700"><subfield code="a">Bryson</subfield><subfield code="b">Bill</subfield></datafield><datafield ind1=" " ind2="1" tag="702"><subfield code="4">440</subfield><subfield code="a">McCall</subfield><subfield code="b">Bruce</subfield></datafield><datafield ind1=" " ind2="0" tag="801"><subfield code="a">PT</subfield><subfield code="b">UCJPII</subfield><subfield code="g">RPC</subfield></datafield></record></collection>